000 00397nam a2200145 4500
001 149120
003 ES-MaACL
007 t|
008 070214s1916 xxk r ||||1| eng d
100 1 _aSymons, Arthur.
_9108972
245 1 0 _aFigures of several centuries /
_cArthur Symons.
260 _aLondon :
_bT. and A, Constable,
_c1916.
300 _aVIII, 398 p. ;
_c22 cm.
852 _aES-MaACL
_jC-820
999 _c149120
_d149120